[Event "Schachbezirk Mittelfranken B BezEM 2025"]
[Site "Nürnberg"]
[Date "2025.06.09"]
[Round "6.11"]
[White "Walch, Roger"]
[Black "Schwarzfischer, Andreas"]
[Result "1-0"]
[WhiteElo "1804"]
[BlackElo "1350"]
[PlyCount "95"]
[GameId "2194144287893831"]
[EventDate "2025.??.??"]
[WhiteTeam "SW Nürnberg Süd"]
[BlackTeam "SW Nürnberg Süd e.V"]

1. e4 d5 2. exd5 Qxd5 3. Nc3 Qd8 4. d4 e6 5. Nf3 Bd7 6. Ne5 Be7 7. Nxd7 Nxd7 8. Be3 c6 9. Bd3 Ngf6 10. O-O O-O 11. Qf3 Rc8 12. Rad1 b5 13. Rfe1 Nb6 14. Ne4 h6 15. c3 a5 16. Bxh6 Re8 17. Bxg7 Kxg7 18. Qg3+ Kf8 19. Qh3 Ng8 20. Re3 Bh4 21. Rf3 Nd5 22. Nc5 Bf6 23. Bh7 Ke7 24. Re1 Qd6 25. Ne4 Qd7 26. b3 a4 27. Bf5 Kd8 28. Nxf6 Ngxf6 29. Bb1 Qe7 30. Qg3 Rg8 31. Qe5 Ng4 32. Qh5 Rg7 33. Qh8+ Kc7 34. Qxg7 Qh4 35. Qxf7+ Kb6 36. Rh3 Qg5 37. Qxe6 Rf8 38. Rg3 Qd2 39. Qe2 Qxe2 40. Rxe2 axb3 41. Rxg4 Nxc3 42. Rb2 bxa2 43. Bxa2 Re8 44. h4 Ka5 45. Kh2 Ka4 46. Bf7 Rf8 47. Rf4 Ka3 48. Rb3+ 1-0

[Event "Schachbezirk Mittelfranken B BezEM 2025"]
[Site "Nürnberg"]
[Date "2025.06.09"]
[Round "6.12"]
[White "Müller, Gerhard"]
[Black "Pickl, Dennis"]
[Result "1-0"]
[WhiteElo "1780"]
[BlackElo "1000"]
[PlyCount "82"]
[GameId "2194148268850392"]
[EventDate "2025.??.??"]
[WhiteTeam "SW Nürnberg Süd"]
[BlackTeam "SG Büchenbach/Roth"]

1. d4 Nf6 2. c4 g6 3. Nf3 Bg7 4. Nc3 O-O 5. e4 d6 6. Be2 Nbd7 7. O-O e5 8. Bg5 h6 9. Bh4 b6 10. Qd2 c5 11. dxe5 Nxe5 12. Rfd1 g5 13. Bg3 Nxf3+ 14. Bxf3 d5 15. cxd5 Bg4 16. Bxg4 Nxg4 17. f4 Bd4+ 18. Kh1 f5 19. h3 Ne3 20. Re1 Nc4 21. Qe2 Nd6 22. fxg5 hxg5 23. Qh5 Qf6 24. e5 Qg7 25. exd6 Rf7 26. Re6 Bf6 27. Be5 Raf8 28. Re1 g4 29. Qxf5 Bxe5 30. Qxe5 Rf1+ 31. Rxf1 Rxf1+ 32. Kh2 Rf2 33. Re8+ Rf8 34. Qxg7+ Kxg7 35. Rxf8 Kxf8 36. hxg4 Ke8 37. g5 Kd7 38. Ne4 c4 39. g6 b5 40. g7 b4 41. g8=Q c3 1-0

[Event "Schachbezirk Mittelfranken B BezEM 2025"]
[Site "Nürnberg"]
[Date "2025.06.09"]
[Round "6.13"]
[White "Atturi, Sathwik Reddy"]
[Black "Steindl, Horst"]
[Result "1-0"]
[WhiteElo "1729"]
[BlackElo "1309"]
[PlyCount "99"]
[GameId "2194151370862471"]
[EventDate "2025.??.??"]
[WhiteTeam "Zabo-Eintracht Nürnberg e.V"]
[BlackTeam "SC Schwarz-Weiß Nürnberg Süd e.V"]

1. e4 g6 2. d4 c6 3. Nc3 d5 4. Nf3 dxe4 5. Nxe4 Bf5 6. Ng3 Bg4 7. c3 Bh6 8. Bxh6 Nxh6 9. h3 Bxf3 10. Qxf3 O-O 11. Qf4 Kg7 12. Qg5 Ng8 13. Bd3 e6 14. Qd2 Nd7 15. h4 e5 16. O-O-O exd4 17. cxd4 Ndf6 18. Bc2 Rc8 19. h5 Ng4 20. Rh3 Qf6 21. f3 N4h6 22. Rdh1 g5 23. Ne4 Qf4 24. Nxg5 Qxd2+ 25. Kxd2 Rcd8 26. Kc3 Rfe8 27. Nxh7 Re3+ 28. Kd2 Rde8 29. Be4 R3xe4 30. fxe4 Kxh7 31. e5 Nf5 32. Kc3 c5 33. dxc5 Rxe5 34. g4 Re3+ 35. Rxe3 Nxe3 36. g5 Nd5+ 37. Kd4 Nde7 38. b4 a6 39. a4 Nf5+ 40. Ke5 Nge7 41. Rf1 Kg7 42. Rxf5 Nc6+ 43. Kd6 Nxb4 44. Rf4 Nc6 45. Rf1 Nd8 46. Re1 f5 47. gxf6+ Kxf6 48. Kc7 Ne6+ 49. Rxe6+ Kxe6 50. Kxb7 1-0

[Event "Schachbezirk Mittelfranken B BezEM 2025"]
[Site "Nürnberg"]
[Date "2025.06.09"]
[Round "6.14"]
[White "Barnowski, Roman"]
[Black "Chitluri, Prajna Sai"]
[Result "1-0"]
[WhiteElo "1740"]
[BlackElo "1584"]
[PlyCount "113"]
[GameId "2194205165191071"]
[EventDate "2025.??.??"]
[WhiteTeam "SW Nürnberg Süd"]
[BlackTeam "SW Nürnberg Süd e.V"]

1. g3 e5 2. Bg2 Bc5 3. e3 Bb6 4. c4 Nf6 5. Nc3 d6 6. Nge2 O-O 7. O-O Nc6 8. d4 exd4 9. exd4 h6 10. h3 Bd7 11. Be3 Rb8 12. a3 a6 13. b4 Re8 14. Re1 Qc8 15. Kh2 Ra8 16. c5 dxc5 17. dxc5 Ba7 18. Qc2 Bf5 19. Qb2 Ne4 20. Nxe4 Bxe4 21. Ng1 Bxg2 22. Kxg2 Ne5 23. Bxh6 Qf5 24. f4 gxh6 25. fxe5 Rad8 26. Re2 Rd5 27. Rf1 Qd3 28. Rf3 Qd4 29. Qxd4 Rxd4 30. Rfe3 Rd5 31. Nf3 a5 32. Rd2 Rxd2+ 33. Nxd2 axb4 34. axb4 Kg7 35. Ra3 Rxe5 36. Nf3 Re2+ 37. Kf1 Rb2 38. Rxa7 Rb1+ 39. Ke2 Rb2+ 40. Kf1 Rb1+ 41. Ne1 Rxb4 42. Nd3 Rb1+ 43. Ke2 c6 44. Ra4 b5 45. Rd4 Kh7 46. Rd6 b4 47. Rxc6 b3 48. Rb6 b2 49. Rxb2 Rxb2+ 50. Nxb2 Kg6 51. c6 Kg5 52. c7 f6 53. c8=Q Kg6 54. Qg8+ Kf5 55. Nd3 Ke4 56. Qc4+ Kf5 57. Qg4# 1-0

[Event "Schachbezirk Mittelfranken B BezEM 2025"]
[Site "Nürnberg"]
[Date "2025.06.09"]
[Round "6.15"]
[White "Bharathula, Akhila"]
[Black "Majid, Hakim"]
[Result "1-0"]
[WhiteElo "1616"]
[BlackElo "1613"]
[PlyCount "83"]
[GameId "2194208466190259"]
[EventDate "2025.??.??"]
[WhiteTeam "NT Nürnberg 1873"]
[BlackTeam "SW Nürnberg Süd"]

1. e4 Nc6 2. Nc3 e5 3. Bc4 Nf6 4. d3 Bc5 5. Bg5 Be7 6. Nge2 O-O 7. O-O d6 8. h3 a6 9. f4 exf4 10. Nxf4 Ne5 11. Bb3 c6 12. Bxf6 Bxf6 13. Rb1 Nd7 14. Qe1 Bd4+ 15. Kh1 Qg5 16. Nce2 Be5 17. Qg3 Qh6 18. d4 Bf6 19. c3 Bh4 20. Qf3 b5 21. Ng3 Nf6 22. Kg1 Bb7 23. Nf5 Qg5 24. g3 c5 25. d5 c4 26. Bc2 Rae8 27. Nxh4 Nxd5 28. exd5 Re5 29. Rbe1 Rfe8 30. Be4 g6 31. Re2 f5 32. Bc2 Qf6 33. Rfe1 g5 34. Nh5 Qf7 35. Nxf5 Bxd5 36. Nh6+ Kf8 37. Qxf7+ Bxf7 38. Rxe5 dxe5 39. Rf1 Re7 40. Bxh7 Ke8 41. Nxf7 Rxf7 42. Bg6 1-0

[Event "Schachbezirk Mittelfranken B BezEM 2025"]
[Site "Nürnberg"]
[Date "2025.06.09"]
[Round "6.16"]
[White "Sarcevic, Ivo"]
[Black "Nikolaiev, Mykyta"]
[Result "0-1"]
[WhiteElo "1693"]
[BlackElo "1470"]
[PlyCount "94"]
[GameId "2194210841768161"]
[EventDate "2025.??.??"]
[WhiteTeam "SW Nürnberg Süd"]
[BlackTeam "SGem 1882 Fürth"]

1. e4 c5 2. Nf3 d6 3. Bc4 Nf6 4. d3 g6 5. Nc3 e6 6. Bg5 Nbd7 7. Qe2 a6 8. O-O-O Bg7 9. d4 cxd4 10. Nxd4 b5 11. Ndxb5 axb5 12. Bxb5 Qe7 13. Rhe1 O-O 14. Bxd7 Bxd7 15. Qd3 h6 16. Bh4 g5 17. Bg3 Ne8 18. Bxd6 Nxd6 19. Qxd6 Qxd6 20. Rxd6 Bxc3 21. bxc3 Bb5 22. Re3 Rxa2 23. Kd2 Raa8 24. Rh3 Kg7 25. e5 Rad8 26. Rg3 Rxd6+ 27. exd6 f5 28. Re3 Bc4 29. Re5 Rd8 30. Rc5 Rxd6+ 31. Ke3 Bd5 32. c4 Rc6 33. Rxc6 Bxc6 34. g3 e5 35. f4 gxf4+ 36. gxf4 e4 37. h4 Kg6 38. Kf2 Kh5 39. Kg3 e3 40. c5 Kg6 41. c3 Kf6 42. c4 Ke6 43. h5 Kd7 44. Kh3 e2 45. Kh2 e1=Q 46. Kh3 Qg1 47. Kh4 Qg4# 0-1

[Event "Schachbezirk Mittelfranken B BezEM 2025"]
[Site "Nürnberg"]
[Date "2025.06.09"]
[Round "7.2"]
[White "Süß, Helmut"]
[Black "Dippel, Jörg"]
[Result "1/2-1/2"]
[Annotator "Dimi"]
[WhiteElo "1866"]
[BlackElo "1901"]
[PlyCount "43"]
[GameId "2194213341430208"]
[EventDate "2025.??.??"]
[WhiteTeam "NT Nürnberg"]
[BlackTeam "Anderssen Nbg 1929 e.V."]

1. d4 d5 2. Bf4 e6 3. e3 c6 4. c4 Nf6 5. Nc3 Be7 6. Nf3 O-O 7. Bd3 dxc4 8. Bxc4 Nbd7 9. h3 Re8 10. O-O b5 11. Bd3 a6 12. Rc1 Nb6 13. Ne4 Bb7 14. Nc5 Bxc5 15. Rxc5 Nbd5 16. Bg3 Nd7 17. Rc1 Rc8 18. Ne5 Nxe5 19. Bxe5 f6 20. Bg3 Qd7 21. Re1 Qe7 22. Rc5 1/2-1/2

[Event "Schachbezirk Mittelfranken B BezEM 2025"]
[Site "Nürnberg"]
[Date "2025.06.09"]
[Round "7.3"]
[White "Khachatryan, Avetis"]
[Black "Gottlieb, Michael"]
[Result "1-0"]
[WhiteElo "1768"]
[BlackElo "1789"]
[PlyCount "52"]
[GameId "2194214178693720"]
[EventDate "2025.??.??"]
[WhiteTeam "SG Eckental"]
[BlackTeam "SV Postbauer e.V."]

1. e4 e5 2. Nf3 Nc6 3. d4 exd4 4. Nxd4 Bb4+ 5. c3 Bc5 6. Be3 Bb6 7. Be2 Nf6 8. Nd2 d5 9. Nxc6 bxc6 10. Bxb6 axb6 11. e5 Nd7 12. f4 Ba6 13. O-O Nc5 14. Bxa6 Rxa6 15. Qg4 g6 16. f5 Ra4 17. b4 h5 18. Qd1 Qe7 19. bxc5 Qxc5+ 20. Kh1 Ra8 21. Qc2 d4 22. fxg6 Qxc3 23. gxf7+ Kf8 24. Qxc3 dxc3 25. Ne4 c2 26. Ng5 Rh6 1-0

[Event "Schachbezirk Mittelfranken B BezEM 2025"]
[Site "Nürnberg"]
[Date "2025.06.09"]
[Round "7.5"]
[White "Schlötterer, Hermann"]
[Black "Schäfer, Ann-Kathrin"]
[Result "1/2-1/2"]
[WhiteElo "1836"]
[BlackElo "1795"]
[PlyCount "69"]
[GameId "2194218318160642"]
[EventDate "2025.??.??"]
[WhiteTeam "Zabo-Eintracht Nürnberg e.V"]
[BlackTeam "SC JÄKLECHEMIE"]

1. d4 Nf6 2. g3 c5 3. Nf3 cxd4 4. Nxd4 e5 5. Nb3 a5 6. a4 Bb4+ 7. c3 Be7 8. Bg2 d5 9. N1d2 O-O 10. Nf3 Nc6 11. O-O Bf5 12. Bg5 h6 13. Be3 Ne4 14. Ne1 Rc8 15. Nd3 Ng5 16. Kh1 b6 17. f4 exf4 18. Nxf4 Be4 19. Nxd5 Bxg2+ 20. Kxg2 Bd6 21. Bxg5 hxg5 22. e4 Ne5 23. Nd4 Bc5 24. Nf5 g6 25. Nh6+ Kg7 26. Ng4 Nxg4 27. Qxg4 f5 28. Qd1 fxe4 29. Rxf8 Qxf8 30. Qe2 Qf5 31. c4 Rh8 32. g4 Qe5 33. Rh1 Bd6 34. Kg1 Bc5+ 35. Kg2 1/2-1/2

[Event "Schachbezirk Mittelfranken B BezEM 2025"]
[Site "Nürnberg"]
[Date "2025.06.09"]
[Round "7.6"]
[White "Babichev, Vyacheslav"]
[Black "Ratushnyi, Artur"]
[Result "1-0"]
[WhiteElo "1779"]
[BlackElo "1694"]
[PlyCount "47"]
[GameId "2194225134490937"]
[EventDate "2025.??.??"]
[WhiteTeam "SW Nürnberg Süd e.V"]
[BlackTeam "SW Nürnberg Süd e.V"]

1. e4 e5 2. Nf3 Nc6 3. Nc3 Nf6 4. d4 exd4 5. Nd5 Be7 6. Nxd4 Nxe4 7. Nf5 O-O 8. Qg4 Bf6 9. Bd3 Nd6 10. Nxd6 cxd6 11. Qf5 Re8+ 12. Be3 Kf8 13. Nxf6 Qxf6 14. Qxf6 gxf6 15. Bxh7 Kg7 16. Bf5 Re5 17. g4 Nd4 18. Bd3 Nf3+ 19. Kf1 b6 20. h4 Bb7 21. Rh3 Rae8 22. Rd1 R8e7 23. Be2 Rxe3 24. fxe3 1-0

[Event "Schachbezirk Mittelfranken B BezEM 2025"]
[Site "Nürnberg"]
[Date "2025.06.09"]
[Round "7.7"]
[White "Werner, Norbert"]
[Black "Nikolaiev, Hennadii"]
[Result "1-0"]
[WhiteElo "1771"]
[BlackElo "1698"]
[PlyCount "121"]
[GameId "2194226818238102"]
[EventDate "2025.??.??"]
[WhiteTeam "SW Nürnberg Süd e.V"]
[BlackTeam "NT Nürnberg 1873"]

1. c4 e5 2. g3 d6 3. Bg2 f5 4. d3 Nf6 5. Nc3 Be7 6. f4 O-O 7. c5 c6 8. cxd6 Bxd6 9. fxe5 Bxe5 10. Nf3 Bd6 11. O-O Qe7 12. e3 Na6 13. Re1 Nc7 14. e4 fxe4 15. Nxe4 h6 16. Nxd6 Qxd6 17. Bf4 Qd8 18. Qb3+ Ncd5 19. d4 Kh8 20. Be5 Ng4 21. h3 Ngf6 22. Nh4 Kg8 23. Ng6 Rf7 24. Rf1 Be6 25. Qa3 Qd7 26. Kh2 a5 27. Rae1 Nb4 28. Qc3 Nxa2 29. Qe3 Bd5 30. Bxf6 Rxf6 31. Rxf6 gxf6 32. Ne7+ Kg7 33. Nxd5 cxd5 34. Qe7+ Qxe7 35. Rxe7+ Kf8 36. Rxb7 Nb4 37. Rb5 Ke7 38. Bxd5 Nxd5 39. Rxd5 Rb8 40. Rxa5 Rxb2+ 41. Kg1 Rd2 42. Rh5 Rxd4 43. Rxh6 Rd2 44. Rg6 Kf7 45. Rg4 f5 46. Rg5 Kf6 47. h4 Rb2 48. Rg8 Kf7 49. Rd8 Kg6 50. Rd5 Rc2 51. Rd4 Kh5 52. Rf4 Kg6 53. Rf2 Rc4 54. Kg2 Kf6 55. Ra2 Kg6 56. Ra6+ Kh5 57. Rf6 Rc5 58. Kf3 Re5 59. Kf4 Re4+ 60. Kxf5 Rg4 61. Rh6+ 1-0

[Event "Schachbezirk Mittelfranken B BezEM 2025"]
[Site "Nürnberg"]
[Date "2025.06.09"]
[Round "7.8"]
[White "Bharathula, Agasthya"]
[Black "Walch, Roger"]
[Result "0-1"]
[WhiteElo "1748"]
[BlackElo "1804"]
[PlyCount "52"]
[GameId "2194229947742180"]
[EventDate "2025.??.??"]
[WhiteTeam "NT Nürnberg 1873"]
[BlackTeam "SW Nürnberg Süd"]

1. e4 c5 2. Nc3 Nc6 3. g3 Nf6 4. Bg2 d6 5. h3 g6 6. d3 Bg7 7. Be3 O-O 8. Qd2 Nd4 9. Nge2 e5 10. f4 Nh5 11. fxe5 Bxe5 12. g4 Ng3 13. Nxg3 Bxg3+ 14. Bf2 Be5 15. O-O-O Be6 16. Be3 Qa5 17. a3 b5 18. Bh6 Rfc8 19. g5 b4 20. Nb1 Qa4 21. h4 Ba2 22. Rdf1 Rc7 23. Rf6 Bxb1 24. Kxb1 bxa3 25. b3 a2+ 26. Ka1 Nxc2# 0-1

[Event "Schachbezirk Mittelfranken B BezEM 2025"]
[Site "Nürnberg"]
[Date "2025.06.09"]
[Round "7.10"]
[White "Atturi, Sathwik Reddy"]
[Black "Müller, Gerhard"]
[Result "1/2-1/2"]
[WhiteElo "1729"]
[BlackElo "1780"]
[PlyCount "55"]
[GameId "2194232059652281"]
[EventDate "2025.??.??"]
[WhiteTeam "Zabo-Eintracht Nürnberg e.V"]
[BlackTeam "SW Nürnberg Süd"]

1. e4 g6 2. d4 Bg7 3. Nf3 d6 4. Be3 e6 5. Bd3 Ne7 6. c3 b6 7. Nbd2 Bb7 8. O-O Nd7 9. Re1 O-O 10. Nf1 Rc8 11. Qd2 c5 12. Bh6 d5 13. Bxg7 Kxg7 14. Ng3 cxd4 15. Nxd4 Ne5 16. Bb1 Nc4 17. Qe2 Qd7 18. Bd3 Na5 19. Rad1 Qc7 20. Rc1 Nac6 21. Nb5 Qb8 22. Qg4 a6 23. Na3 Ne5 24. Qg5 Nxd3 25. Nh5+ Kg8 26. Nf6+ Kg7 27. Nh5+ Kg8 28. Nf6+ 1/2-1/2

[Event "Schachbezirk Mittelfranken B BezEM 2025"]
[Site "Nürnberg"]
[Date "2025.06.09"]
[Round "7.11"]
[White "Jain, Vihaan"]
[Black "Barnowski, Roman"]
[Result "1/2-1/2"]
[WhiteElo "1623"]
[BlackElo "1740"]
[PlyCount "59"]
[GameId "2194233448249604"]
[EventDate "2025.??.??"]
[WhiteTeam "SK 1911 Herzogenaurach e.V."]
[BlackTeam "SW Nürnberg Süd"]

1. e4 c6 2. d4 d5 3. e5 c5 4. dxc5 e6 5. Be3 Nd7 6. b4 Nxe5 7. Bd4 Nc6 8. Qd2 Nxd4 9. Qxd4 Ne7 10. c3 Nf5 11. Qd1 a5 12. Nf3 axb4 13. cxb4 b6 14. Bb5+ Ke7 15. Ne5 Bb7 16. g4 Nh6 17. Qd4 f6 18. Nc6+ Bxc6 19. Bxc6 Rc8 20. b5 bxc5 21. Qxc5+ Kf7 22. Qd4 Bd6 23. Nc3 Be5 24. Qd2 Qa5 25. Rc1 Rhd8 26. h3 g5 27. Qc2 Kg7 28. O-O Ng8 29. Na4 Bd6 30. Rfe1 1/2-1/2

[Event "Schachbezirk Mittelfranken B BezEM 2025"]
[Site "Nürnberg"]
[Date "2025.06.09"]
[Round "7.12"]
[White "Bharathula, Akhila"]
[Black "Galter, Norbert"]
[Result "1-0"]
[WhiteElo "1616"]
[BlackElo "1690"]
[PlyCount "31"]
[GameId "2194234852248096"]
[EventDate "2025.??.??"]
[WhiteTeam "NT Nürnberg 1873"]
[BlackTeam "Zabo-Eintracht Nürnberg e.V"]

1. e4 c5 2. Nc3 Nc6 3. g3 e5 4. d3 Nf6 5. Bg5 Be7 6. Qd2 d6 7. h3 Be6 8. Bg2 Nh5 9. Bxe7 Qxe7 10. Nge2 Nf6 11. f4 g6 12. O-O Nh5 13. a3 Nd4 14. Kh2 Nc6 15. Rf2 Kd7 16. f5 1-0

[Event "Schachbezirk Mittelfranken B BezEM 2025"]
[Site "Nürnberg"]
[Date "2025.06.09"]
[Round "7.13"]
[White "Steindl, Horst"]
[Black "Schwarzfischer, Andreas"]
[Result "1/2-1/2"]
[WhiteElo "1309"]
[BlackElo "1350"]
[PlyCount "94"]
[GameId "2194235751397935"]
[EventDate "2025.??.??"]
[WhiteTeam "SC Schwarz-Weiß Nürnberg Süd e.V"]
[BlackTeam "SW Nürnberg Süd e.V"]

1. d4 Nf6 2. Bf4 d5 3. Nf3 Bd7 4. e3 e6 5. a4 c6 6. Bd3 Bb4+ 7. c3 Be7 8. Ne5 a5 9. O-O c5 10. Bg5 c4 11. Nxd7 Qxd7 12. Bxf6 Bxf6 13. Bc2 e5 14. b3 Ra6 15. bxc4 dxc4 16. Nd2 Qc8 17. Qe2 Rc6 18. Rfb1 O-O 19. Be4 Rc7 20. Rb5 exd4 21. exd4 Re8 22. f3 Nd7 23. Rab1 b6 24. Qf1 g6 25. Bd5 Bg7 26. Nxc4 Rf8 27. Rc1 Qd8 28. Kh1 Kh8 29. Qd3 f5 30. f4 Bh6 31. g3 Bg7 32. Qf3 Qf6 33. Ne5 Nxe5 34. dxe5 Qe7 35. Rxb6 Qa3 36. Qd1 Rxc3 37. Rxc3 Qxc3 38. Rb3 Qc5 39. Rb5 Qc3 40. Qb3 Qe1+ 41. Kg2 Qe2+ 42. Kh3 Qg4+ 43. Kg2 Qe2+ 44. Kg1 Qe1+ 45. Kg2 Qe2+ 46. Kh3 Qg4+ 47. Kg2 Qe2+ 1/2-1/2

[Event "Schachbezirk Mittelfranken B BezEM 2025"]
[Site "Nürnberg"]
[Date "2025.06.09"]
[Round "7.14"]
[White "Nikolaiev, Mykyta"]
[Black "Pickl, Dennis"]
[Result "0-1"]
[Annotator "Dimi"]
[WhiteElo "1470"]
[BlackElo "1000"]
[PlyCount "96"]
[GameId "2194237840079425"]
[EventDate "2025.??.??"]
[WhiteTeam "SGem 1882 Fürth"]
[BlackTeam "SG Büchenbach/Roth"]

{[%evp 0,96,16,27,15,24,23,20,23,16,11,2,10,-7,25,18,51,46,35,38,45,39,69,3,67,86,76,43,110,93,74,76,129,51,114,151,194,102,176,-305,-325,-432,-441,-433,-377,-375,-385,-425,-433,-442,-419,-459,-279,-293,-287,-376,-328,-364,-357,-343,-479,-534,-517,-566,-583,-640,-571,-575,-593,-749,-675,-687,-672,-717,-744,-687,-627,-764,-827,-868,-813,-906,-841,-884,-934,-943,-961,-1043,-872,-894,-850,-879,-882,-867,-813,-911,-894,-907,-956]} 1. e4 c5 2. Nf3 g6 3. d4 cxd4 4. Nxd4 Bg7 5. f4 Nc6 6. Be3 e6 7. Nc3 Nge7 8. Qd2 d5 9. O-O-O O-O 10. Be2 a6 11. a4 e5 12. fxe5 Nxe5 13. Nb3 Bd7 14. exd5 Nf5 15. Bg5 f6 16. Be3 Qe8 17. Nc5 Rb8 18. Nxd7 Nxd7 19. Bf2 Bh6 20. Bc4 Bxd2+ 21. Rxd2 Kg7 22. Re1 Qc8 23. Bb3 Re8 24. Red1 Re5 25. g4 Ne7 26. Bg3 Nc5 27. Bxe5 Nxb3+ 28. cxb3 fxe5 29. d6 Nc6 30. Kb1 Qxg4 31. Ne2 Rd8 32. Ka2 Kf7 33. Nc3 Nd4 34. Ne2 Rxd6 35. Rf1+ Kg7 36. Nxd4 Rxd4 37. Rc2 b5 38. Re1 bxa4 39. b4 Qe6+ 40. Ka1 Rxb4 41. Rc7+ Kh6 42. Rec1 a3 43. bxa3 Ra4 44. R7c3 Qd6 45. Kb2 Rd4 46. Rh3+ Kg5 47. Rg3+ Rg4 48. h4+ Kxh4 {nicht mehr lesbare Notationen} 0-1

[Event "Schachbezirk Mittelfranken B BezEM 2025"]
[Site "Nürnberg"]
[Date "2025.06.09"]
[Round "7.15"]
[White "Chitluri, Prajna Sai"]
[Black "Nüßlein, Christian Thomas"]
[Result "0-1"]
[WhiteElo "1584"]
[BlackElo "1851"]
[PlyCount "108"]
[GameId "2187935095898158"]
[EventDate "2025.??.??"]
[WhiteTeam "SW Nürnberg Süd e.V"]
[BlackTeam "SC Anderssen Nürnberg"]

1. e4 Nf6 2. Nc3 d5 3. exd5 Nxd5 4. Nxd5 Qxd5 5. Nf3 Bg4 6. Be2 Nc6 7. d4 O-O-O 8. Be3 e5 9. Nxe5 Bxe2 10. Qxe2 Nxe5 11. dxe5 Qxg2 12. Qf1 Qxf1+ 13. Rxf1 b6 14. Rd1 Bb4+ 15. c3 Rxd1+ 16. Kxd1 Rd8+ 17. Kc1 Bc5 18. Bxc5 bxc5 19. Rd1 Rxd1+ 20. Kxd1 Kd7 21. Kd2 Ke6 22. f4 Kf5 23. Ke3 c4 24. b3 cxb3 25. axb3 a5 26. c4 c5 27. h3 h5 28. Kf3 h4 29. Ke3 g5 30. fxg5 Kxe5 31. g6 fxg6 32. Kf3 Kd4 33. Kg4 Kc3 34. Kxh4 Kxb3 35. Kg5 a4 36. Kxg6 a3 37. h4 a2 38. h5 a1=Q 39. h6 Qh1 40. h7 Kxc4 41. Kg7 Qxh7+ 42. Kxh7 Kd3 43. Kg6 c4 44. Kf5 c3 45. Ke5 c2 46. Kd5 c1=Q 47. Ke5 Qc6 48. Kf5 Qe8 49. Kf4 Qe6 50. Kf3 Qf5+ 51. Kg3 Ke2 52. Kh4 Qg6 53. Kh3 Kf3 54. Kh2 Qg2# 0-1